000 00306nam a2200097Ia 4500
008 240331s9999 xx 000 0 und d
082 _bNIN
100 _aCENWOR. ed
245 0 _aNinth national convention on women's studies :
_bgovernance,gender based violence,information technologyconflict,women
942 _cL
999 _c5605
_d5605